00649nam a2200229Ia 4500001000700000003000500007008004100012010001100053040000900064082001500073100002400088245008900112260004100201300004200242440000500284500000500289503000500294650003100299650002900330650001900359650004100378Z_3035CHAP220113s1992 xx 000 0 und d a166120 cCHAP a631.521 F4 aFenner, Michael ed. aSeeds : the ecology of regeneration in plant communities /ced. by Michael Fenner aOxon :bC.A.B. International,c1992 a373 p. : bilus. ; cuadros ; gráfs. a a a aDiseminación de plantas  aEcología vegetal I. t. aGerminación  aSemillasxEfecto del medio ambiente